[Event "MAESTRO  OSCAR PANNO"]
[Site "SchemingMind.com"]
[Date "2013.06.30"]
[Round "-"]
[White "simpet"]
[Black "private napoleon"]
[Result "0-1"]
[WhiteCountry "ENG"]
[BlackCountry "ENG"]
[WhiteElo "1656"]
[WhiteRD "59"]
[BlackElo "1812"]
[BlackRD "60"]
[GameID "333870"]

1. e4 c5 2. Nf3 d6 3. Bc4 Nf6 4. d4 cxd4 5. Nxd4 g6 6. O-O Bg7 7. c3 O-O 8. Qd3 Nc6 9. Bf4 Ne5 10. Bxe5 dxe5
11. Nf3 Qxd3 12. Bxd3 Nd7 13. b4 a6 14. Nbd2 b5 15. a4 bxa4 16. Rxa4 Bb7 17. Rfa1 f5 18. Ng5 fxe4 19. Ndxe4 h6 20. Ne6 Rfc8
21. N4c5 Nxc5 22. Nxc5 e4 23. Nxe4 Bxe4 24. Bxe4 Rab8 25. Rxa6 Rxc3 26. Rb1 Rxb4 27. Re1 Rxe4
0-1

[Event "MAESTRO  OSCAR PANNO"]
[Site "SchemingMind.com"]
[Date "2013.06.30"]
[Round "-"]
[White "SAMAEL"]
[Black "private napoleon"]
[Result "1/2-1/2"]
[WhiteCountry "CAN"]
[BlackCountry "ENG"]
[WhiteElo "1744"]
[WhiteRD "62"]
[BlackElo "1791"]
[BlackRD "62"]
[GameID "333871"]

1. e4 e5 2. Nf3 Nc6 3. Nc3 Nf6 4. a3 Be7 5. Be2 O-O 6. O-O d6 7. h3 Be6 8. d3 Qd7 9. Ng5 Nd4 10. Nxe6 Qxe6
11. Be3 c5 12. Bxd4 cxd4 13. Na2 Rfc8 14. c4 a6 15. Nb4 b5 16. Nd5 Nxd5 17. cxd5 Qg6 18. Qd2 Bg5 19. Qd1 Rc7 20. Bg4 h5
21. Bxh5 Qh6 22. Bg4 Raa7 23. g3 Rc5 24. h4 Bf6 25. Rc1 Rac7 26. Rxc5 Rxc5 27. Re1 a5 28. Kg2 b4 29. Re2 bxa3 30. bxa3 g6
31. Rc2 Qf8 32. Rxc5 dxc5 33. Qa4 Qd8 34. Qc6 Be7 35. a4 Bd6 36. Qc8 Qxc8 37. Bxc8 Kf8=
1/2-1/2